Statistics for Game of Thrones: Houses of the Iron Islands

Click here to take the quiz!

General Stats

  • This quiz has been taken 8 times
  • The average score is 18 of 38

Answer Stats

Answer% Correct
Greyjoy
100%
Farwynd of Lonely Light
80%
Farwynd of Sealskin Point
80%
Harlaw of Grey Garden
80%
Harlaw of Harlaw
80%
Harlaw of Harlaw Hall
80%
Harlaw of Harridan Hall
80%
Harlaw of the Tower of Glimmering
80%
Goodbrother of Corpse Lake
60%
Goodbrother of Crow Spike Keep
60%
Goodbrother of Downdelving
60%
Goodbrother of Hammerhorn
60%
Goodbrother of Orkmont
60%
Goodbrother of Shatterstone
60%
Greyiron
60%
Hoare
60%
Blacktyde
40%
Botley
40%
Codd
40%
Drumm
40%
Kenning of Harlaw
40%
Merlyn
40%
Myre
40%
Orkwood
40%
Sunderly
40%
Humble
20%
Ironmaker
20%
Netley
20%
Saltcliffe
20%
Sharp
20%
Shepherd
20%
Sparr
20%
Stonehouse
20%
Stonetree
20%
Tawney
20%
Volmark
20%
Weaver
20%
Wynch
20%

Score Distribution

Percentile by Number Answered

Percent of People with Each Score

Your Score History

You have not taken this quiz